1249 1491 1434 1851 1066 1546 1575 1274 1602 1677 1846 1580 1536 1320 1899 1072 1233 1069 1471 1642 1455 1269 1863 1348 1782 1491 1602 1239 1595 1810 1597 1641 1445 1497 1631 1453 1327 1115 1266 1656 1488 1675 1217 1228 1473 1306 1920 1901 1658 1281 1537 1375 1457 1054 1955 1770 1857 1534 1358 1886 1801 1901 1138 1085 1198 1085 1099 1599 1952 1279 1363 1348 1494 1292 1644 1683 1370 1164 1385 1304 1616 1318 1851 1272 1570 1708 1600 1151 1939 1947 1623 1027 1213 1501 1442 1181 1195 1773 1416 BCNSPRNW ULIB Ver.6.0+V

เปลี่ยนเป็นภาษาไทย

Change to English
 แสดงรายละเอียดบรรณานุกรม
  กลับหน้าหลัก

Brief Record : Get Marc (ISO 2709) : E-mail record : QR code < ปิดหน้าต่าง
LEADER : 00000nam 2200000uu 4500
001    13399128583
003     ULIB
008    230912s2565||||th 000 0 tha d
020    ^a9789740339793
060 04 ^aWB310^bส866ก
100 0  ^aสุรีพร ธนศิลป์
245 10 ^aการดูแลผู้ป่วยมะเร็งระยะสุดท้ายแบบองค์รวม /^cสุรีพร ธนศิลป์
250    ^aพิมพ์ครั้งที่ 1
260    ^aกรุงเทพฯ :^bสำนักพิมพ์จุฬาลงกรณ์มหาวิทยาลัย,^c2565
300    ^avi, 234 หน้า :^bภาพประกอบ ;^c21 ซม.
504    ^aมีบรรณานุกรมและดัชนี
505 0  ^aความท้าทายในการดูแลผู้ป่วยมะเร็งระยะสุดท้าย --ความต้องการของผู้ป่วยมะเร็งระยะสุดท้าย --ผลลัพธ์ในการดูแลผู้ป่วยมะเร็งระยะสุดท้าย --การพยาบาลผู้ป่วยมะเร็งระยะสุดท้ายและครอบครัว --การดูแลผู้ป่วยมะเร้งระยะสุดท้ายที่บ้าน --จริยธรรมในการดูแลผู้ป่วยมะเร็งระยะสุดท้ายๅ
650  4 ^aผู้ป่วย, การดูแล
650  4 ^aผู้ป่วยระยะสุดท้าย^xการดูแล
650  4 ^aมะเร็ง^xผู้ป่วย
650  4 ^aมะเร็ง^xผู้ป่วย^xการดูแล
945    ^p190^l0^i29783
945    ^p190^l0^i29784
945    ^p190^l0^i29785
999    ^aกัณชพร จุลอักษร
รายการนี้ยังไม่มีแท็ก
คุณยังไม่ได้ล็อกอิน คุณสามารถมีกิจกรรมร่วมกับเว็บไซต์ได้ แต่ต้องล็อกอินก่อน ::
  ล็อกอิน

รายการสื่อสารสนเทศ

ลำดับที่ ประเภท เลขเรียก/บาร์โค้ด สถานที่ สถานะ
1. หนังสือสำรอง
หนังสือสำรอง
WB310 ส866ก ฉ.1 
  Barcode: 29783
ห้องสมุดวิทยาเขตนครสวรรค์
►หนังสือทั่วไป:l:General Books
บนชั้น
2. วิทยาศาสตร์การแพทย์ และสุขภาพ
วิทยาศาสตร์การแพทย์ และสุขภาพ
WB310 ส866ก ฉ.2 
  Barcode: 29784
ห้องสมุดวิทยาเขตนครสวรรค์
►หนังสือทั่วไป:l:General Books
บนชั้น
3. วิทยาศาสตร์การแพทย์ และสุขภาพ
วิทยาศาสตร์การแพทย์ และสุขภาพ
WB310 ส866ก ฉ.3 
  Barcode: 29785
ห้องสมุดวิทยาเขตนครสวรรค์
►หนังสือทั่วไป:l:General Books
บนชั้น

รายการใกล้เคียง
    ผู้แต่ง [สุรีพร ธนศิลป์]

    หัวเรื่อง [ผู้ป่วย, การดูแล]
    หัวเรื่อง [มะเร็ง ผู้ป่วย]
    หัวเรื่อง [มะเร็ง ผู้ป่วย การดูแล]

BibComment


ยังไม่เคยถูกคอมเมนท์

คอมเมนท์ทรัพยากรรายการนี้
  คอมเมนท์: การดูแลผู้ป่วยมะ..


 Copyright 2026. Bcnsprnw @Library